| 000 | 00571nam a22001697a 4500 | ||
|---|---|---|---|
| 999 |
_c14528 _d14528 |
||
| 008 | 161003b xxu||||| |||| 00| 0 eng d | ||
| 020 | _a0970274408 | ||
| 020 | _a 9780970274403 | ||
| 050 |
_aQM 33.5 _b.L48 2000 |
||
| 100 | _aLevin, Meryl | ||
| 245 |
_aAnatomy of anatomy : _b in images and words/ _cMeryl Levin. |
||
| 260 |
_a Brooklyn, N.Y. : _bThird Rail Press, _c©2000. |
||
| 300 |
_a133p. : _bcolor illustrations ; _c24cm. |
||
| 650 | _aHuman dissection. | ||
| 650 |
_aHuman anatomy _xStudy and teaching _yAnecdotes. |
||
| 942 |
_2lcc _cBOOKS _hQM 33.5 .L48 2000 |
||